01360cam a22003135a 4500999001700000001000900017005001700026008004100043010001700084020003800101040003300139082002200172245010100194260006700295300002700362504005100389650004900440650003200489650002800521650002200549651001000571653001100581655001700592700004200609942000800651952012900659952012900788952012900917 c26911d268831689333920181030121844.0110728s2016 enk frb 001 0 eng d a 2011031851 a9781409411802 (hbk. : alk. paper) aDLCbengcDLCdDLCdEG-ScBUE04a301.0943bREV22200aRevisiting the Frankfurt School :bessays on culture, media and theory /cedited by David Berry. aOxon ;aNew York :bRoutledge / Taylor & Francis Group,c2016. aviii, 209 p. ;c24 cm. aIncludes bibliographical references and index. 7aFrankfurt school of sociology.2BUEsh924294 7aCulturexPhilosophy.2BUEsh 7aCritical theory.2BUEsh 7aSociology.2BUEsh 2BUEsh bCOMAME vReading book1 aBerry, David,d1960-,eeditor.941844 2ddc 00102ddc40708BaccahaMAINbMAINc2NDd2018-10-30ePurchaseg1850.00l0o301.0943 REVp000043696r2025-07-15 00:00:00yNB 00102ddc40708BaccahaMAINbMAINc2NDd2018-10-30ePurchaseg1850.00l0o301.0943 REVp000043697r2025-07-15 00:00:00yBB 00102ddc40708BaccahaMAINbMAINc2NDd2018-10-30ePurchaseg1850.00l0o301.0943 REVp000043698r2025-07-15 00:00:00yBB